| 000 | 00681nam a22002177a 4500 | ||
|---|---|---|---|
| 003 | BD-DhJNU | ||
| 005 | 20251118034403.0 | ||
| 008 | 251118b |||||||| |||| 00| 0 eng d | ||
| 040 |
_aBD-DhJNU _bENG _cBD-DhJNU _dBD-DhJNU |
||
| 082 |
_223 _a155.9042 |
||
| 100 | _aDavis, Martha | ||
| 245 |
_aThe relaxation & stress reduction workbook / _cMartha Davis, Elizabeth Robbins Eshelman and Matthew McKay |
||
| 250 | _a7th ed. | ||
| 260 |
_aOakland : _bNew Harbinger Publications, _c2019. |
||
| 300 |
_axvii, 344 p. : _bill. ; _c24 cm. |
||
| 504 | _aincludes index | ||
| 650 | _aPsychology | ||
| 700 | _aEshelman, Elizabeth Robbins | ||
| 700 | _aMcKay, Matthew | ||
| 942 |
_2ddc _cBK _n0 |
||
| 999 |
_c2375 _d2375 |
||